00763nam a22002177a 450000500170000001000150001702000230003202000260005503500130008103700130009408200120010710000320011924500960015126000310024727000360027830000260031470000250034094200260036599900170039195201370040820100814145347.0 aENG-100414 a8187928352c250.00 a9788187928355c250.00 aEN-83947 bDBAD/PUB a181.432 aHariharananda Aranya913917 aThe doctrine of karma :bkarmatattva /cby Hariharnanda Aranya ; translated by Indira Gupta aMadhupurbKapil Mathc2008 a62/1, Hindusthan ParkbMadhupur aix, 206p.c21cm (pbk) aGupta, Indira913473 2ddccENh181.432mHAR c41944d41944 001040718NFICaDBADbDBADd2010-08-14eDBAD/PUBg250.00l0o181.432 ARApEN-83947r2010-08-14 00:00:00t1v250.00w2010-08-14yEN